• 首页
  • 本馆介绍
  • 公告通知
  • 最新文献
  • 馆藏检索
  • 电子资源
  • 读者导购
  • 参考咨询
  • 我的图书馆
  • 登录
  • 详细信息显示
  • 放入我的书架
  • 预约/预借图书
  • 作者相关作品
  • 分类相关作品
  • 丛书相关作品
  • 出版社相关作品

书目信息

  • 表格格式
  • 工作单格式
  • 卡片格式
题名:
各国失业保险与再就业
    
 
作者: 吕学静 , 吕学静 著
分册:  
出版信息: 北京   经济管理出版社  2000
页数: 326页
开本: 20cm
丛书名: 社会保障系列丛书
单 册:
中图分类: F249.1 , F840.61
科图分类:
主题词: 劳动就业--研究--世界 , 失业保险--研究--世界
电子资源:
ISBN: 7-80162-030-5
000 01311nam0 2200361 450
000 01276nam0 2200349 450
000 01239nam0 2200337 450
000 01180nam0 2200337 450
000 01143nam0 2200325 450
000 01076oam2 2200301 450
001 0104000022
005 20061017080903.01
010    @a7-80162-030-5@dCNY20.00
100    @a20050927d2000 ekmy0chiy0110 ea
101 0  @achi
102    @aCN@b110000
105    @ay z 000yy
200 1  @a各国失业保险与再就业@Age guo shi ye bao xian yu zai jiu ye@f吕学静著@Flu xue jing zhu
210    @a北京@c经济管理出版社@d2000
215    @a326页@d20cm
225 2  @a社会保障系列丛书
330    @a本书分三部分:第一部分讲述了失业的概念和类型、西方失业理论等;第二部分对世界主要国家的就业现状、失业保险制度以及再就业措施进行了概述和分析;第三部分对西方各国的失业现状、发展趋势及特征;失业保障制度;各国再就业措施进行了比较借鉴。
461  0 @12001 @a社会保障系列丛书
606 0  @a劳动就业@x研究@y世界
606 0  @a失业保险@x研究@y世界
690    @aF249.1@v4
690    @aF840.61@v4
701  0 @a吕学静@9lu^ xue jing@4著
701  0 @a吕学静@Alu xue jing@4著
801  0 @aCN@b北京荣雅伟业图书经销中心@c20061017
905    @aBZT@dF249.1@e1
906    @dCNY20.00@n0@r1
    
    各国失业保险与再就业/吕学静著.-北京:经济管理出版社,2000
    326页;20cm .-(社会保障系列丛书)
    
    
    ISBN 7-80162-030-5:CNY20.00
    本书分三部分:第一部分讲述了失业的概念和类型、西方失业理论等;第二部分对世界主要国家的就业现状、失业保险制度以及再就业措施进行了概述和分析;第三部分对西方各国的失业现状、发展趋势及特征;失业保障制度;各国再就业措施进行了比较借鉴。
●
相关链接 在五车中查询图书 在当当中查询图书 在豆瓣中查询图书


正题名:各国失业保险与再就业     索取号:F249.1/1         预约/预借

序号 登录号 条形码 馆藏地/架位号 状态 备注
1 502951   230072998   中心书库北库/ 北库009架A面3列2层22/ [索取号:F249.1/1] 在馆    
2 502952   230072995   中心书库北库/ 北库009架A面3列2层25/ [索取号:F249.1/1] 在馆    
3 502953   230072996   中心书库北库/ 北库009架A面3列2层24/ [索取号:F249.1/1] 在馆    
4 502954   230072993   中心书库北库/ 北库009架A面3列2层23/ [索取号:F249.1/1] 在馆    
5 502955   230072994   中心书库北库/ 北库009架A面3列2层21/ [索取号:F249.1/1] 在馆    
山东省滨州职业学院图书馆 欢迎您!
大连网信软件有限公司© 版权所有